Návrh robustného riadenia pre laboratórny výmenník tepla

Uložené v:
Podrobná bibliografia
Hlavný autor: Galčíková, Lenka (Autor)
Ďalší autori: Oravec, Juraj (Vedúci práce)
Médium: Rukopis Kniha
Jazyk:Slovak
Vydavateľské údaje: 2018
Predmet:
On-line prístup:http://is.stuba.sk/zp/portal_zp.pl?podrobnosti=139426
Tagy: Pridať tag
Žiadne tagy, Buďte prvý, kto otaguje tento záznam!

MARC

LEADER 00000ntm a22000003a 4500
001 stuzp69827
003 SK-STU
005 20180623211046.1
007 ta
008 150427s2015----xo-----f-mn---000-0-slo-d
040 |a STU  |b slo 
041 0 |a slo 
100 1 |a Galčíková, Lenka  |u 047000  |4 aut  |U FCHPT Fakulta chemickej a potravinárskej technológie  |T FCHPT Ústav informatizácie, automatizácie a matematiky  |X 82049  |U C7000  |Y 105  |7 82049 
242 0 1 |a Robust Control Design for the Laboratory Heat Exchanger  |y eng 
245 1 0 |a Návrh robustného riadenia pre laboratórny výmenník tepla 
260 |c 2018 
650 4 |a doskový výmenník tepla  |2 slo 
650 4 |a identifikácia  |2 slo 
650 4 |a ekvipercentná charakteristika  |2 slo 
650 4 |a robustné prediktívne riadenie  |2 slo 
650 4 |a kritériá kvality  |2 slo 
650 4 |a plate heat exchanger  |2 eng 
650 4 |a identification  |2 eng 
650 4 |a equal-percentage characteristics  |2 eng 
650 4 |a robust model predictive control  |2 eng 
650 4 |a control performance  |2 eng 
700 1 |a Oravec, Juraj  |u 047220  |k Z1  |4 ths  |U FCHPT Ústav informatizácie, automatizácie a matematiky  |T FCHPT Oddelenie informatizácie a riadenia procesov  |X 26399  |U C7220  |Y 121  |7 A000026399 
856 4 |u http://is.stuba.sk/zp/portal_zp.pl?podrobnosti=139426